MARC details
| 000 -LEADER |
| fixed length control field |
00858 a2200289 4500 |
| 001 - CONTROL NUMBER |
| control field |
63918 |
| 003 - CONTROL NUMBER IDENTIFIER |
| control field |
TR-AnTOB |
| 005 - DATE AND TIME OF LATEST TRANSACTION |
| control field |
20260310112641.0 |
| 008 - FIXED-LENGTH DATA ELEMENTS--GENERAL INFORMATION |
| fixed length control field |
110207t19851969nyu b 000 0 d |
| 020 ## - INTERNATIONAL STANDARD BOOK NUMBER |
| International Standard Book Number |
0140432442 |
| 035 ## - SYSTEM CONTROL NUMBER |
| System control number |
(OCoLC)13556042 |
| 040 ## - CATALOGING SOURCE |
| Original cataloging agency |
VTU |
| Transcribing agency |
VTU |
| Modifying agency |
CAV |
| -- |
CUZ |
| 041 ## - LANGUAGE CODE |
| Language code of text/sound track or separate title |
İngilizce |
| 050 #0 - LIBRARY OF CONGRESS CALL NUMBER |
| Classification number |
B1485 |
| Item number |
.S4 1969 |
| 090 ## - LOCALLY ASSIGNED LC-TYPE CALL NUMBER (OCLC); LOCAL CALL NUMBER (RLIN) |
| Classification number (OCLC) (R) ; Classification number, CALL (RLIN) (NR) |
B1485 .S4 1969 |
| 100 ## - MAIN ENTRY--PERSONAL NAME |
| Personal name |
Hume, David, |
| Dates associated with a name |
1711-1776 |
| 9 (RLIN) |
54136 |
| 245 #2 - TITLE STATEMENT |
| Title |
A treatise of human nature / |
| Statement of responsibility, etc. |
David Hume ; edited with an introduction by Ernest C. Mossner. |
| 264 #1 - PRODUCTION, PUBLICATION, DISTRIBUTION, MANUFACTURE, AND COPYRIGHT NOTICE |
| Place of production, publication, distribution, manufacture |
Harmondsworth, Middlesex, England ; |
| -- |
New York : |
| Name of producer, publisher, distributor, manufacturer |
Penguin Books, |
| Date of production, publication, distribution, manufacture, or copyright notice |
c1969. |
| 300 ## - PHYSICAL DESCRIPTION |
| Extent |
677 p. ; |
| Dimensions |
20 cm |
| 490 0# - SERIES STATEMENT |
| Series statement |
Penguin classics |
| 504 ## - BIBLIOGRAPHY, ETC. NOTE |
| Bibliography, etc. note |
|
| 650 #0 - SUBJECT ADDED ENTRY--TOPICAL TERM |
| Topical term or geographic name entry element |
Knowledge, Theory of |
| 9 (RLIN) |
152853 |
| 700 ## - ADDED ENTRY--PERSONAL NAME |
| Personal name |
Mossner, Ernest Campbell, |
| Dates associated with a name |
1907- |
| 9 (RLIN) |
36911 |
| 901 ## - LOCAL DATA ELEMENT A, LDA (RLIN) |
| a |
0020531 |
| 942 ## - ADDED ENTRY ELEMENTS (KOHA) |
| Koha item type |
Book |
| Source of classification or shelving scheme |
Library of Congress Classification |